Hugo Brehme (Record no. 3739)

MARC details
000 -CABECERA
campo de control de longitud fija 01420nam a2200301 a 4500
001 - NÚMERO DE CONTROL
campo de control BRCA_4013
005 - FECHA Y HORA DE LA ÚLTIMA TRANSACCIÓN
campo de control 20190320204519.0
008 - DATOS DE LONGITUD FIJA--INFORMACIÓN GENERAL
campo de control de longitud fija 180110s2009----mx-a######---#000-0#spa-#
020 ## - NÚMERO INTERNACIONAL ESTÁNDAR DEL LIBRO
Número Internacional Estándar del Libro 9786079537104
041 ## - CÓDIGO DE LENGUA
Código de lengua del texto/banda sonora o título independiente spager
044 ## - CÓDIGO DEL PAÍS DE LA ENTIDAD EDITORA/PRODUCTORA
Código MARC del país mx
050 #4 - SIGNATURA TOPOGRÁFICA DE LA BIBLIOTECA DEL CONGRESO
Número de clasificación TR647
Número de documento/Ítem .H84 2009
245 10 - MENCIÓN DE TÍTULO
Título Hugo Brehme
Resto del título y la revolución mexicana = und die Mexikanische Revolution
Mención de responsabilidad, etc. Claudia Cabrera Luna ... [et al.].
260 ## - PUBLICACIÓN, DISTRIBUCIÓN, ETC.
Lugar de publicación, distribución, etc. México
Nombre del editor, distribuidor, etc. Servicio Alemán de Intercambio Académico : INAH
Fecha de publicación, distribución, etc. 2009
300 ## - DESCRIPCIÓN FÍSICA
Extensión 151 p.
Otras características físicas il. (algunas a color)
Dimensiones 28 cm.
500 ## - NOTA GENERAL
Nota general Incluye piezas de la colección Franz Mayer: p. 20, 86-87, 90, 95-97, 99-100, 102-105, 110-111, 114, 125, 128-129, 130-131
500 ## - NOTA GENERAL
Nota general Incluye biografía de Ernst Hugo Brehme, información breve de autoras y autores del catálogo, así como de las instituciones participantes
500 ## - NOTA GENERAL
Nota general Catálogo de la exposición realizada en el Museo Franz Mayer (Ciudad de México), 5 agosto - 3 octubre, 2010
500 ## - NOTA GENERAL
Nota general 2 ejemplares en Biblioteca y 1 en el Área de Investigación
504 ## - NOTA DE BIBLIOGRAFÍA, ETC.
Nota de bibliografía, etc. Bibliografía: p. [139-145]
546 ## - NOTA DE LENGUA/LENGUAJE
Nota de lengua/lenguaje Texto en: español y alemán
600 14 - PUNTO DE ACCESO ADICIONAL DE MATERIA--NOMBRE DE PERSONA
Nombre de persona Brehme, Hugo
Fechas asociadas al nombre 1882-1954
9 (RLIN) 5360
650 14 - PUNTO DE ACCESO ADICIONAL DE MATERIA--TÉRMINO DE MATERIA
Término de materia o nombre geográfico como elemento de entrada Fotografía artística
Subdivisión de forma Exposiciones
Subdivisión geográfica México
9 (RLIN) 5400
650 14 - PUNTO DE ACCESO ADICIONAL DE MATERIA--TÉRMINO DE MATERIA
Término de materia o nombre geográfico como elemento de entrada Fotografía
Subdivisión general Revolución Mexicana
Subdivisión cronológica Siglo XX
9 (RLIN) 10434
700 1# - PUNTO DE ACCESO ADICIONAL--NOMBRE DE PERSONA
Nombre de persona Cabrera Luna, Claudia
9 (RLIN) 10435
740 0# - PUNTO DE ACCESO ADICIONAL--TÍTULO RELACIONADO O ANALÍTICO NO CONTROLADO
Título relacionado o analítico no controlado Hugo Brehme: und die Mexikanische Revolution
942 ## - ELEMENTOS DE PUNTO DE ACCESO ADICIONAL (KOHA)
Fuente del sistema de clasificación o colocación Library of Congress Classification
Tipo de ítem Koha Libros
Holdings
Estado de retiro Estado de pérdida Estado dañado No para préstamo Localización permanente Ubicación/localización actual Fecha de adquisición Total de préstamos Signatura topográfica completa Código de barras Fecha visto por última vez Precio válido a partir de Tipo de ítem Koha Código de colección
El ejemplar forma parte de la colección y puede ser consultado según las políticas vigentes.       Biblioteca del Museo Franz Mayer (Rogerio Casas-Alatriste) Biblioteca del Museo Franz Mayer (Rogerio Casas-Alatriste) 18/01/2010   TR647 .H84 2009 02447 22/03/2019 22/03/2019 Libros  
El ejemplar forma parte de la colección y puede ser consultado según las políticas vigentes.       Biblioteca del Museo Franz Mayer (Rogerio Casas-Alatriste) Biblioteca del Museo Franz Mayer (Rogerio Casas-Alatriste) 11/11/2010   TR647 .H84 2009 02448 22/03/2019 22/03/2019 Libros Acervo General